000 00806nam a2200229 a 4500
005 20221116063438.0
008 060920s2000 mx r 000 0 spa d
020 _a970613526X
035 _aUPN01000147249
049 _aCG
050 4 _aHD62.15
_bW5.2
100 1 _aWilson, Paul F.
245 1 0 _aAnálisis de la causa raíz :
_buna herramienta para administración de la calidad total /
_cPaul F. Wilson, Larry D. Dell, Gaylord F. Anderson ; tr. Jorge Mendoza Sierra.
260 _aMéxico :
_bOxford University,
_cc2000.
300 _ax, 224 p.
534 _pTítulo original:
_tRoot cause analysis
650 2 _aAdministración de calidad total
_9437
650 2 _aSolución de problemas
_92522
700 1 _aDell, Larry D.,
_ecoaut.
700 1 _aAnderson, Gaylord F.,
_ecoaut.
905 _aLibro
999 _c119394
_d119394